000 00964nam a2200265Ia 4500
005 20240530110934.0
008 140319s2007 xx 000 0 ara d
020 _a9772934620
040 _aGCL /
_cGCL
082 0 4 _a362.293 /
_bم ت
100 1 _aمايسة جمعة
245 1 0 _aتعاطى المخدرات :
_bبين مشاعر المشقة وتقدير الذات /
_cمايسة جمعة
250 _aالاولى
260 _aالقاهرة :
_bمكتبة الدار العربية للكتاب،
_c2007
300 _a238 ص ؛
_c24 سم
490 _aعلم النفس الاكاديمى المعاصر
650 0 4 _aادمان المخدرات
650 0 4 _aالمخدرات والشباب
650 0 4 _aمكافحة المخدرات
650 0 4 _aالمخدرات والجريمة
650 0 4 _aالفساد الاجتماعى
650 0 4 _aالادمان
942 _2ddc
_cBK
999 _c66702
_d66702